000 00557 a2200193 4500
001 142041
040 _cLeonardo Da Vinci
041 _aPortuguês
082 _ar510 G173c
_bG173c
100 _aGALVÃO FILHO, Wenceslau Carlos
245 _aCurso de aritmética moderna
_banálise algébrica
250 _av.5
260 _bUniversitária
_c1968
_aSão Paulo
300 _a154
362 _a19680000
490 _aMatemática moderna
697 _aReferência
_aEnciclopédia
_aCuriosidades
_aMatemática
_aAritmética
_aÁlgebra
_aNúmeros
942 _cBK
999 _c142041
_d142041